How Many Fruits Can You Name? - Statistics

General Stats
  • This quiz has been taken 695 times
  • The average score is 20 of 98
Answer Stats
Answer % Correct
Apple 1
97%
Banana 4
90%
Orange 58
87%
Watermelon 88
73%
Grapes 29
69%
Mango 50
68%
Pineapple 67
68%
Lemon 46
67%
Peach 65
65%
Kiwi 42
64%
Tomato 78
63%
Lime 45
61%
Blueberries 6
58%
Strawberries 76
57%
Dragon Fruit 18
56%
Melon 53
51%
Plum 35
50%
Blackberries 5
49%
Raspberries 73
49%
Avocado 3
46%
Apricot 2
44%
Grapefruit 28
44%
Cherries 9
39%
Tangerine 79
39%
Star Fruit 75
38%
Papaya 61
36%
Guava 31
34%
Pomegranate 66
34%
Passion Fruit 68
33%
Nectarine 54
31%
Jackfruit 39
30%
Lychee 48
30%
Durian 19
28%
Fig 25
28%
Cucumber 13
26%
Clementine 12
24%
Dates 16
15%
Kumquat 44
14%
Honeydew Melon 32
13%
Persimmon 62
12%
Gooseberries 30
11%
Olive 57
11%
Cantelope 10
10%
Rambutan 72
9%
Huckleberry 23
6%
Longan 47
6%
Quince 69
6%
Boysenberries 7
5%
Elderberry 20
5%
Zucchini 98
5%
Mulberry 52
4%
Asian Pear 56
3%
Mandarin Orange 51
3%
Paw Paw 63
3%
Prickly Pear 64
2%
Ugli Fruit 82
2%
Crab Apples 11
1%
Dewberries 17
1%
Eggfruit 21
1%
Finger Lime 27
1%
Loquat 49
1%
Vanilla Bean 85
1%
Bing Cherry 8
0%
Damsun Plum 14
0%
Dinosaur Egg 15
0%
Entawak 24
0%
Evergreen 22
0%
Farkleberry 26
0%
Hackberry 33
0%
Honeycrisp Apples 34
0%
Imbe 37
0%
Indian Fig 38
0%
Indonesian Lime 36
0%
Jambolan 41
0%
Java Apple 40
0%
Kaffir Lime 43
0%
Navel Orange 55
0%
Ogeechee Lime 59
0%
Oval Kumquat 60
0%
Quararibea Cordata 71
0%
Queen Anne Cherry 70
0%
Rose Hips 74
0%
Sugar Baby Watermelon 77
0%
Tamarid 80
0%
Tart Cherries 81
0%
Ugni 84
0%
Uniq Fruit 83
0%
Velvet Pink Banana 86
0%
Voavanga 87
0%
White Mulberry 90
0%
Wolfberry 89
0%
Xango Mangosteen Fruit 93
0%
Xigua 91
0%
Ximenia Caffra Fruit 92
0%
Yangmei 96
0%
Yellow Passion Fruit 94
0%
Yunnan Hackberry 95
0%
Zig Zag Vine Fruit 97
0%
No matching quizzes found
Score Distribution
Percent of People with Each Score
Percentile by Number Answered
Your Score History
You have not taken this quiz